Ars vivendi, alebo, Umenie žiť medzi Sókratom a Foucaultom

Bibliographic Details
Main Author: Suvák, Vladislav, 1964- (Author)
Other Authors: Kasala, Igor (Narrator)
Format: Audio
Language:Slovak
PhysicalDescription:1 audiodisk 12 cm
Published: Prešov Slniečkovo, o.z. [2023]
ISBN:9788089314676

MARC

LEADER 00000nim a2200000 4500
001 vtls012245198
003 SK-MaSNL
005 20260301214114.0
007 su uuuuuuuuuuu
008 231201s2023 xo nnnng n slo
020 |a 9788089314676  |q (zvuková kniha) 
040 |a SNK  |b slo  |c SNK  |e rda 
041 0 |a slo 
044 |a xo  |c SK 
100 1 |a Suvák, Vladislav,  |d 1964-  |4 aut  |9 206906 
245 1 0 |a Ars vivendi, alebo, Umenie žiť medzi Sókratom a Foucaultom  |h zvukový záznam  |c Vladislav Suvák ; číta Igor Kasala 
264 1 |a Prešov  |b Slniečkovo, o.z.  |c [2023] 
300 |a 1 audiodisk  |c 12 cm 
336 |a hovorené slovo  |b spw  |2 rdacontent 
337 |a audio  |b s  |2 rdamedia 
338 |a audiodisk  |b sd  |2 rdacarrier 
700 1 |a Kasala, Igor  |4 nrt  |9 601995 
919 |a 978-80-89314-67-6 
999 |c 923746  |d 925676 
952 |t 1  |a SNK  |b SNK  |c SNK_KF  |y PREZ  |7 0  |p 17A1539952  |o snkSCD 6532  |i snk2023/17575  |8 0  |0 0  |1 0  |2 udc  |4 0  |d 2023-12-01  |l 0  |r 2026-02-24 08:23:00  |w 2026-02-24 
952 |a SNK  |b SNK  |y PREZ  |7 0  |p 17A1539951  |o snkSCD 6532 D1  |i snk2023/17576  |8 0  |0 0  |1 0  |4 0  |d 2023-12-01  |l 0  |r 2026-02-24 08:23:40  |w 2026-02-24